Historia sztuki - quiz - Statystyki

Ogólne statystyki
  • Ten quiz został rozwiązany 139 razy
  • Średni wynik to 7 z 15
Statystyki odpowiedzi
Zagadnienie Odpowiedź % Poprawnych
Gustav Klimt Jest przedstawicielem secesji
74%
Impresjonizm - wskaż fałszywe Charakterystyczne dla tego kierunku jest używanie ciemnych barw i kontrastowego światłocienia
72%
Która z tych kolumn jest zgodna z porządkiem jońskim?
71%
Do trójki największych artystów epoki renesansu nie należy Caravaggio
71%
Przedstawicielem postimpresjonizmu nie jest: Paul Jackson Pollock
56%
Który z obrazów to suprematyzm?
51%
Autorem której z rzeźb nie jest Fidiasz?
49%
Które z dzieł jest obrazem Caspara Davida Friedricha
49%
Wskaż chronologicznie ułożone okresy w sztuce sztuka karolińska - gotyk - rokoko - ekletyzm - dadaizm
49%
Malarz romantyzmu to: Théodore Géricault
40%
Który obraz nie jest namalowany przez hiszpańskiego malarza?
36%
Henri Rousseau - wskaż fałszywe Należał do grupy nabistów
35%
Który z obrazów nie jest dziełem polskiego artysty?
32%
Który z malarzy nie pochodził z Holandii? Peter Paul Rubens
31%
Który z artystów jest znany jako ,, malarz koni i wariatów" Théodore Géricault
29%
Nie znaleziono quizów pasujących do podanych kryteriów
Rozkład punktacji
Procent ludzi z każdym wynikiem
Percentyl według liczby udzielonych odpowiedzi
Twoja historia wyników
Nie rozwiązałeś tego quizu